Obsequios al Sagrado Corazon de Jesus : que pueden hacerse en quince dias: o dividirse en quince horas, o practicarse todos en una.

Bibliographic Details
Other Authors: Jáuregui, José de, -1778 (Printer)
Format: Book
Language:Spanish
Published: Reimpresos en México : Imprenta del Sr. D. Joseph Fernandez Jauregui, Calle de Santo Domingo, y esquina de Tacuba, Año de 1796.
Subjects:

MARC

Tag First Indicator Second Indicator Subfields
LEADER 00000nam a2200000Ii 4500
001 in00004021189
005 20180627170842.0
008 180627s1796 mx a 000 0 spa d
035 |a (OCoLC)on1042090247 
040 |a TXA  |b eng  |e rda  |c TXA 
035 |a (OCoLC)1042090247 
043 |a n-mx--- 
050 4 |a BX2158  |b .O38 1796 
049 |a TXAM 
245 0 0 |a Obsequios al Sagrado Corazon de Jesus :  |b que pueden hacerse en quince dias: o dividirse en quince horas, o practicarse todos en una. 
264 1 |a Reimpresos en México :  |b Imprenta del Sr. D. Joseph Fernandez Jauregui, Calle de Santo Domingo, y esquina de Tacuba,  |c Año de 1796. 
300 |a 34 unnumbered pages :  |b illustration ;  |c 97 mm 
336 |a text  |b txt  |2 rdacontent 
337 |a unmediated  |b n  |2 rdamedia 
338 |a volume  |b nc  |2 rdacarrier 
500 |a Woodcut of the Sacred Heart surrounded by angels on title page verso. 
500 |a Head- and tailpieces. 
500 |a Notice of indulgence on last page, enclosed with a prayer in a decorative border. 
500 |a One of the Cushing Library/Colonial Mexican Imprint Collection copies is bound with: [Ofrecimientos de la tercera parte del Santo Rosario de Nuestra Señora en honra del Santisimo Sacramento de la Eucaristia] [title page missing] -- Obsequios al Sagrado Corazon de Jesus. [Mexico : Imprenta del D. Joseph Fernandez Jauregui, 1796] -- Novena a la santisima virgen Maria de Guadalupe. [Mexico : Don Mariano de Zuniga y Ontiveros, 1796] -- Mano de Dios poderosa, pronta, liberal, y benigna. [Mexico : D. Mariano de Zuniga y Ontiveros, 1795] -- Novena a honor y culto del dulcisimo misterio de la Purisima Concepcion de la reyna de los Angeles. [Mexico : D. Mariano de Zuniga y Ontiveros, 1796] -- Novena de Nuestra Señora la santisima virgen Maria de los Dolores. [Mexico : Herederos de Don Felipe de Zuniga y Ontiveros, 1795] -- Novena de la soberana emperatriz de cielo y tierra. [Guadalaxara : Oficina de D. Mariano Valdes Tellez Giron, 1795] -- Sabado Mariano en obsequio de Maria santisima refugio de pecadores. [Guadalaxara : D. Mariano Valdes Tellez Giron, 1798] -- Novena en piadosa y devota prevencion a el festivo nacimiento de la sagrada aurora Maria Santissima. [Mexico : Imprenta del Lic. D. Joseph de Jauregui, 1777] -- Novena del gloriosisimo patriarca señor San Joseph. [Mexico : Imprenta nueva de los Herederos del Lic. D. Joseph Jauregui, 1788].  |5 TXA 
536 |a This catalog record was made possible with a grant from the Council on Library and Information Resources (CLIR) Cataloging Hidden Special Collections and Archives program  |c 41100623 
650 0 |a Sacred Heart, Devotion to  |v Prayers and devotions  |v Early works to 1800. 
650 0 |a Miniature books  |v Specimens. 
655 7 |a Engravings.  |2 gmgpc 
655 7 |a Miniature books  |z Mexico  |y 18th century.  |2 rbgenr 
655 7 |a Prayer books  |z Mexico  |y 18th century.  |2 rbgenr 
655 7 |a Indulgences  |z Mexico  |y 18th century.  |2 rbgenr 
700 1 |a Jáuregui, José de,  |d -1778,  |e printer. 
752 |a Mexico :  |d Mexico City. 
948 |a cataloged  |b h  |c 2018/6/27  |d o  |e fpiscitelli  |f 5:08:39 pm 
994 |a C0  |b TXA 
999 f f |s c470a71f-5b1c-33ba-bb8f-b15f26f8adc4  |i 27d65f5e-0c8c-3d7a-a706-98c4dd67e2dd  |t 0 
952 f f |p noncirc  |a Texas A&M University  |b College Station  |c Cushing Memorial Library & Archives  |d Cushing: Colonial Mexican Imprints (Does not check out)  |t 0  |e BX2169 .V45 1800z  |h Library of Congress classification  |i unmediated -- volume  |m A14851979634 
952 f f |a Texas A&M University  |b College Station  |c Cushing Memorial Library & Archives  |d Cushing: Colonial Mexican Imprints (Does not check out)  |t 0  |e BX2169 .V45 1800z  |h Library of Congress classification 
998 f f |a BX2169 .V45 1800z  |t 0  |l Cushing: Colonial Mexican Imprints (Does not check out)